000 00462nam a22001817a 4500
005 20250328164920.0
008 250328b |||||||| |||| 00| 0 eng d
020 _a9781032292021
_c2295.00
040 _aMAIN
041 _aEnglish
082 _a809.03
_bCON
100 _aMongia, Padmini (ed)
_925486
245 _aContemporary Postcolonial Theory
_b: A Reader
260 _aLondon
_bRoutledge
_c2020
300 _a407
650 _aEnglish
_99
942 _cBK
999 _c59575
_d59575